The epistles to the Corinthians. (Record no. 5753)

000 -LEADER
fixed length control field 00683nam a2200193 a 4500
001 - CONTROL NUMBER
control field :::00003495$&:&@@
003 - CONTROL NUMBER IDENTIFIER
control field OkBaRHE
005 - DATE AND TIME OF LATEST TRANSACTION
control field 20000607103306.0
008 - FIXED-LENGTH DATA ELEMENTS--GENERAL INFORMATION
fixed length control field s1964 j 000 0 eng u
040 ## - CATALOGING SOURCE
Transcribing agency
100 1# - MAIN ENTRY--PERSONAL NAME
Personal name McPheeters, Julian C.
245 14 - TITLE STATEMENT
Title The epistles to the Corinthians.
260 ## - PUBLICATION, DISTRIBUTION, ETC. (IMPRINT)
Place of publication, distribution, etc Grand Rapids, MI., :
Name of publisher, distributor, etc Baker Book House
Date of publication, distribution, etc c1964
300 ## - PHYSICAL DESCRIPTION
Extent 154 p. ;
Dimensions 20 cm.
650 ## - SUBJECT ADDED ENTRY--TOPICAL TERM
Topical term or geographic name as entry element Bible New Testament Corinthians
General subdivision Homiletical Use
942 ## - ADDED ENTRY ELEMENTS (KOHA)
Source of classification or shelving scheme
Koha item type Books
Copies
Barcode Full call number Lost status Damaged status Price effective from Date last seen Shelving location Source of classification or shelving scheme Koha item type Permanent Location Withdrawn status Not for loan Date acquired Copy number
3495BS 2675 .M334  2010-04-142018-04-03General Stacks BooksRHEMA Bible Training College  2010-04-141
15658BS 2675 .M334  2010-04-142018-04-03General Stacks BooksRHEMA Bible Training College  2010-04-142